Unbounded linear operators : theory and applications
Αποθηκεύτηκε σε:
| Κύριος συγγραφέας: | |
|---|---|
| Μορφή: | Βιβλίο |
| Γλώσσα: | English |
| Δημοσίευση: |
New York :
Dover Publications,
1985, c1966
|
| Θέματα: | |
| Ετικέτες: |
Προσθήκη ετικέτας
Δεν υπάρχουν, Καταχωρήστε ετικέτα πρώτοι!
|
MARC
| LEADER | 00000cam a2200000 i 4500 | ||
|---|---|---|---|
| 001 | 1/36637 | ||
| 008 | 941103t19851966 eng d | ||
| 020 | |a 0486648303 |c $6.00 | ||
| 035 | |l 10040293 | ||
| 035 | |a 1993 |c ΒΙΒΛΙΟΘΗΚΗ | ||
| 040 | |a GR-MY-UA |b gre |e aacr | ||
| 041 | 0 | |a eng | |
| 082 | 0 | |a 515.7246 |2 (19) | |
| 100 | 1 | |a Goldberg, Seymour |d 1928- | |
| 245 | 1 | 0 | |a Unbounded linear operators : |b theory and applications / |c Seymour Goldberg |
| 260 | |a New York : |b Dover Publications, |c 1985, c1966 | ||
| 300 | |a viii, 199 p.; |b ill.; |c 22 cm | ||
| 500 | |a "An unabridged, slightly corrected edition of the work first published by the McGraw-Hill Book Company, Inc., New York, in 1966"--T.p. verso | ||
| 504 | |a Bibliography: p. [191]-195 | ||
| 504 | |a Includes index | ||
| 650 | 0 | 0 | |a Linear operators. |
| 852 | |a INST |b SAMOS |e 19941103 |h 515.7246 GOL |p 005300008089 |q 005300008089 |t BK |y 0 | ||
| 909 | |a Σ |b 029610 | ||